000 00579cam a2200169 a 4500
001 000002558
005 20260521134322.0
008 711208s1969 sp 000 e spa
040 _aDO-SdBNP
_bspa
_cBNPHU
082 _aH868.99804
_bO484n
100 1 _aOliver Belmás, Antonio.
_d1954
_98058
245 1 0 _aLa natividad en los premios Nobel de Hispanoamerica y otros ensayos /
_cAntonio Oliver Belmás.
260 _aMadrid :
_bCultura Hispánica,
_c1969.
300 _a169 p. ;
_c17 cm.
650 4 _aLiteratura hispanoamericana
_xHistoria y crítica
_96273
650 0 _aEnsayos
_98059
999 _c2394
_d2394